| 000 | 00836cam a22002895a 4500 | ||
|---|---|---|---|
| 001 | 016892761 | ||
| 003 | OSt | ||
| 005 | 20180411152929.0 | ||
| 008 | 141016s2018 ii a fr |001 0 eng d | ||
| 020 | _a9780198099307 | ||
| 020 | _a0198099304 | ||
| 040 |
_aUk _beng _cUk _dEG-ScBUE |
||
| 082 | 0 | 4 |
_a005.73 _222 _bTHA |
| 100 | 1 | _aThareja, Reema. | |
| 245 | 1 | 0 |
_aData structures using C / _cReema Thareja. |
| 250 | _a2nd ed. | ||
| 260 |
_aNew Delhi : _bOxford University Press, _c2018. |
||
| 300 |
_axvi, 531 p. : _bill. ; _c25 cm. |
||
| 490 | 0 | _aOxford higher education | |
| 500 | _aIncludes index. | ||
| 650 | 7 |
_aData structures (Computer science) _2BUEsh _912448 |
|
| 650 | 7 |
_aC (Computer program language) _2BUEsh _93405 |
|
| 651 | _2BUEsh | ||
| 653 |
_bENGELC _bCOMSCI _cApril2018 |
||
| 655 |
_vText book _933728 |
||
| 942 | _2ddc | ||
| 999 |
_c26500 _d26472 |
||